00617nam a2200193Ia 4500008004100000020001400041082001600055100002300071245002100094250000700115260003200122300002600154500001900180600002100199650005000220942000700270952013100277999001500408240925s9999 xx 000 0 und d a810462613 a005.133 KOC aKochan ,Stephen G. 0aProgramming in C aNA aNew Jersey:bHaydenc,1983. a373l.p.bNAfOriginal aIncludes Index aComputer Science aComputer science, information & general works cBK 011440708CSaUITUbUITUd1996-05-04eUIT Friends of USA g15.00l0o005.133 KOCpQ0674r2024-09-25 07:12:10w2024-09-25yBK c3173d3173